| 000 | 00448nam a2200157Ia 4500 | ||
|---|---|---|---|
| 005 | 20250317091013.0 | ||
| 008 | 231217s9999 xx 000 0 und d | ||
| 020 | _a9788178530161 | ||
| 082 | _a001.6424C MIC;1 R | ||
| 100 | _aMicrosoft | ||
| 245 | 0 | _aMFC developement using microsoft visual C++ 6.0 | |
| 260 |
_c2001 _bMicrosoft _aUSA |
||
| 300 | _axiv+606 | ||
| 650 | _aUnderstanding,sonet/sdh,atm,communications,networks,next | ||
| 942 | _cAA | ||
| 999 |
_c182505 _d182505 |
||